Time That Remains / (Record no. 22616)

000 -LEADER
fixed length control field 01053nam a2200277 4500
008 - FIXED-LENGTH DATA ELEMENTS--GENERAL INFORMATION
fixed length control field 260416b xxu||||| |||| 00| 0 eng d
040 ## - CATALOGING SOURCE
Original cataloging agency Cagayan State University
082 ## - DEWEY DECIMAL CLASSIFICATION NUMBER
Edition number 791.4372
Classification number T583
245 ## - TITLE STATEMENT
Title Time That Remains /
Statement of responsibility, etc directed by Elia Suleiman ; produced by Michael Gentile, Elia Suleiman, Baher Agbariya ; written by Elia Suleiman
260 ## - PUBLICATION, DISTRIBUTION, ETC. (IMPRINT)
Place of publication, distribution, etc France :
Name of publisher, distributor, etc The Films ; Nazira Films ; France 3 Cinema,
Date of publication, distribution, etc 2009.
300 ## - PHYSICAL DESCRIPTION
Extent 1 videofile, (ca. 109 min.) :
Other physical details sound, color.
520 ## - SUMMARY, ETC.
Summary, etc An examination of the creation of the state of Israel in 1948 through to the present day.
546 ## - LANGUAGE NOTE
Language note In Arabic, Hebrew, English with French subtitles.
650 ## - SUBJECT ADDED ENTRY--TOPICAL TERM
Topical term or geographic name as entry element Comedy.
650 ## - SUBJECT ADDED ENTRY--TOPICAL TERM
Topical term or geographic name as entry element Drama.
650 ## - SUBJECT ADDED ENTRY--TOPICAL TERM
Topical term or geographic name as entry element History
700 ## - ADDED ENTRY--PERSONAL NAME
Personal name Suleiman, Elia, star.
700 ## - ADDED ENTRY--PERSONAL NAME
Personal name Bakri, Saleh, star.
700 ## - ADDED ENTRY--PERSONAL NAME
Personal name Mouammar, Leila, star.
700 ## - ADDED ENTRY--PERSONAL NAME
Personal name Zidani, Bilal, star.
700 ## - ADDED ENTRY--PERSONAL NAME
Personal name Qudha, Samar, star.
700 ## - ADDED ENTRY--PERSONAL NAME
Personal name Tanus, star.
700 ## - ADDED ENTRY--PERSONAL NAME
Personal name Batigne, Marc-André, cinematographer.
700 ## - ADDED ENTRY--PERSONAL NAME
Personal name Lange, Véronique, editor.
942 ## - ADDED ENTRY ELEMENTS (KOHA)
Source of classification or shelving scheme
Item type Audio-Visual Materials
Holdings
Price effective from Permanent location Date last seen Not for loan Date acquired Source of classification or shelving scheme Koha item type Damaged status Lost status Withdrawn status Current location Full call number
2026-04-16Cagayan State University - Carig Library2026-04-16 2026-04-16 Audio-Visual Materials   Cagayan State University - Carig LibraryT583

Cagayan State University University Library, Carig Campus
Tuguegarao City, Cagayan 3500 | www.csucarig.edu.ph

Powered by Koha